000 00760nam a2200217Ii 4500
003 JO-AjNU
008 230605s9999||||xx |||||||||||||| ||und||
017 _a2003/17757
020 _a977-215-748-9
040 _aJO-AjNU
_bara
_erda
_cJO-AjNU
041 _aara
050 1 4 _aPJ6171.K572 2004
100 3 _aكشك،أحمد,
_eauthor
_934196
245 0 0 _aمحاولات للتجديد في إيقاع الشعر
264 3 1 _aالقاهرة: دار غريب للطباعة والنشر والتوزيع،2004
300 _a175ص
336 _atext
_btxt
_2rdacontent
337 _aunmediated
_bn
_2rdamedia
338 _avolume
_bnc
_2rdacarrier
650 4 _aالشعر-ايقاع الشعر-ماولات للتجديد في إيقاع الشعر
_934197
999 _aA13993
_c17561
_d17561